000 00500nam a2200181 a 4500
005 20140310183152.0
008 021022s19uu xx 00 eng d
020 _a9712310477
050 _aHF 5661
_b.M772 2002
100 _aMonte-Galanza, Raquel
245 _aA Procedural approach to auditing theory /
_cRaquel Monte-Galanza.
260 _aManila :
_bREX Book Store,
_c2002.
300 _a309 p. :
_c22 cm.
521 _aBSBA
650 _aAuditing
942 _cBK
_2lcc
_kLOC
999 _c19671
_d19671